00922nam a2200289 4500003000400000005001700004008004100021020001500062040001800077041000800095050001700103100003500120240003800155245011100193264003300304300003500337336002200372337002400394338002400418500004300442650002300485650003500508650002300543700003400566942001500600999001700615OSt20260530113852.0260506b2007 US ||||| |||| 00| 0 eng d a0764137336 aICIbspacICI aeng aTT920bQ85181 aQuinn, Anthony,e autor9313761 aCeramic design course.lEspañol10aDiseño de cerámica : b principios, prácticas, técnicas /cAnthony Quinn ; traducción, Mar Vidal 1aBarcelona : bAcanto, b2007 a144 páginas :bilustraciones atexto2rdacontent asin medio2rdamedia avolumen2rdacarrier aTraducción de: Ceramic design course4 aAlfarería9256974 aAlfarería xTécnica9313774 aArtesanías926581 aVidal, Mar,etraductor931378 2lcccBKn1 c11504d11504